[Event "Blondes - Brunettes"]
[Site "Moscow"]
[Date "2020.03.15"]
[Round "9.4"]
[White "Charochkina, Daria"]
[Black "Maltsevskaya, Aleksandra"]
[Result "0-1"]
[BlackElo "2306"]
[WhiteElo "2332"]
[LiveChessVersion "1.4.8"]

1. b3 {[%clk 0:03:03]} d6 {[%clk 0:03:01]} 2. Bb2 {[%clk 0:03:03]} e5
{[%clk 0:03:02]} 3. e3 {[%clk 0:03:04]} Nf6 {[%clk 0:03:02]} 4. c4
{[%clk 0:03:04]} g6 {[%clk 0:03:03]} 5. d4 {[%clk 0:02:55]} exd4 {[%clk 0:03:03]}
6. Bxd4 {[%clk 0:02:56]} Bg7 {[%clk 0:03:04]} 7. Nf3 {[%clk 0:02:54]} O-O
{[%clk 0:03:04]} 8. Be2 {[%clk 0:02:49]} a5 {[%clk 0:03:05]} 9. O-O
{[%clk 0:02:36]} a4 {[%clk 0:03:06]} 10. Nbd2 {[%clk 0:02:09]} Nc6
{[%clk 0:02:59]} 11. Bc3 {[%clk 0:02:10]} Re8 {[%clk 0:02:58]} 12. Nd4
{[%clk 0:02:04]} Ne5 {[%clk 0:02:47]} 13. Qc2 {[%clk 0:01:56]} Bd7
{[%clk 0:02:18]} 14. h3 {[%clk 0:01:41]} c6 {[%clk 0:02:06]} 15. Rfd1
{[%clk 0:01:33]} axb3 {[%clk 0:01:52]} 16. axb3 {[%clk 0:01:33]} Rxa1
{[%clk 0:01:52]} 17. Rxa1 {[%clk 0:01:29]} c5 {[%clk 0:01:35]} 18. N4f3
{[%clk 0:01:29]} Bf5 {[%clk 0:01:04]} 19. Qd1 {[%clk 0:00:59]} Qc8
{[%clk 0:00:51]} 20. Nxe5 {[%clk 0:00:36]} dxe5 {[%clk 0:00:51]} 21. Bf3
{[%clk 0:00:30]} e4 {[%clk 0:00:39]} 22. Be2 {[%clk 0:00:31]} Rd8
{[%clk 0:00:34]} 23. Qc1 {[%clk 0:00:30]} Bxh3 {[%clk 0:00:11]} 24. gxh3
{[%clk 0:00:26]} Qxh3 {[%clk 0:00:12]} 25. Bf1 {[%clk 0:00:26]} Qg4+
{[%clk 0:00:11]} 26. Bg2 Qh4 27. Bxf6 {[%clk 0:00:19]} Bxf6 {[%clk 0:00:13]} 28.
Ra2 {[%clk 0:00:11]} Be5 {[%clk 0:00:10]} 29. Nxe4 {[%clk 0:00:07]} h5
{[%clk 0:00:08]} 30. Rd2 {[%clk 0:00:07]} Re8 {[%clk 0:00:07]} 31. f4
{[%clk 0:00:08]} Bg7 {[%clk 0:00:06]} 32. Qf1 {[%clk 0:00:07]} Qg4
{[%clk 0:00:06]} 33. Qf3 {[%clk 0:00:08]} Qf5 {[%clk 0:00:06]} 34. Ng3
{[%clk 0:00:08]} Qb1+ {[%clk 0:00:07]} 35. Rd1 {[%clk 0:00:08]} Qxb3
{[%clk 0:00:08]} 36. e4 {[%clk 0:00:07]} Qxc4 {[%clk 0:00:08]} 37. e5
{[%clk 0:00:07]} b5 {[%clk 0:00:07]} 38. Ne4 {[%clk 0:00:09]} Qa4
{[%clk 0:00:05]} 39. Nxc5 {[%clk 0:00:06]} Qa7 {[%clk 0:00:05]} 40. Qf2
{[%clk 0:00:07]} h4 {[%clk 0:00:04]} 41. Ne4 {[%clk 0:00:08]} Qa4
{[%clk 0:00:05]} 42. Rf1 {[%clk 0:00:07]} h3 {[%clk 0:00:05]} 43. Bh1
{[%clk 0:00:08]} Rc8 {[%clk 0:00:05]} 44. Qg3 {[%clk 0:00:08]} Rc2
{[%clk 0:00:05]} 45. Nf2 {[%clk 0:00:08]} Bf8 {[%clk 0:00:04]} 46. e6
{[%clk 0:00:08]} Qd4 {[%clk 0:00:04]} 47. exf7+ {[%clk 0:00:09]} Kxf7
{[%clk 0:00:04]} 48. Qxh3 {[%clk 0:00:09]} Bc5 {[%clk 0:00:05]} 49. Qh7+
{[%clk 0:00:10]} Kf8 {[%clk 0:00:05]} 50. Qh6+ {[%clk 0:00:11]} Kf7
{[%clk 0:00:07]} 51. Qh7+ {[%clk 0:00:12]} Kf8 {[%clk 0:00:08]} 52. Qh6+
{[%clk 0:00:13]} Kf7 {[%clk 0:00:09]} 53. Qh7+ {[%clk 0:00:12]} Kf8
{[%clk 0:00:10]} 54. Qh4 {[%clk 0:00:07]} Qe3 {[%clk 0:00:05]} 55. Qf6+
{[%clk 0:00:07]} Ke8 {[%clk 0:00:04]} 56. Qxg6+ {[%clk 0:00:09]} Kd8
{[%clk 0:00:06]} 57. Qxc2 {[%clk 0:00:09]} Qg3+ {[%clk 0:00:07]} 58. Bg2
{[%clk 0:00:11]} 0-1

[Event "Blondes - Brunettes"]
[Site "Moscow"]
[Date "2020.03.15"]
[Round "9.5"]
[White "Voit, Daria"]
[Black "Danielian, Elina"]
[Result "1-0"]
[BlackElo "2262"]
[WhiteElo "2326"]
[LiveChessVersion "1.4.8"]

1. d4 {[%clk 0:03:03]} d6 {[%clk 0:03:04]} 2. Nf3 {[%clk 0:03:03]} Bg4
{[%clk 0:03:05]} 3. c4 {[%clk 0:03:01]} Bxf3 {[%clk 0:03:05]} 4. gxf3
{[%clk 0:02:59]} g6 {[%clk 0:03:01]} 5. Nc3 {[%clk 0:02:58]} Bg7 {[%clk 0:03:01]}
6. Bg2 {[%clk 0:02:56]} c6 {[%clk 0:03:02]} 7. O-O {[%clk 0:02:56]} e6
{[%clk 0:03:03]} 8. d5 {[%clk 0:02:52]} Nf6 {[%clk 0:02:08]} 9. dxe6
{[%clk 0:02:41]} fxe6 {[%clk 0:02:09]} 10. Bf4 {[%clk 0:02:26]} d5
{[%clk 0:01:57]} 11. Bh3 {[%clk 0:02:21]} Qe7 {[%clk 0:01:48]} 12. e4
{[%clk 0:02:02]} O-O {[%clk 0:01:31]} 13. exd5 {[%clk 0:02:01]} exd5
{[%clk 0:01:16]} 14. cxd5 {[%clk 0:01:46]} Qb4 {[%clk 0:01:15]} 15. dxc6
{[%clk 0:01:21]} Nxc6 {[%clk 0:01:01]} 16. Bd6 {[%clk 0:01:21]} Qxb2
{[%clk 0:01:01]} 17. Bxf8 {[%clk 0:01:19]} Rxf8 {[%clk 0:00:59]} 18. Rc1
{[%clk 0:01:09]} Nh5 {[%clk 0:00:37]} 19. Ne4 {[%clk 0:00:47]} Nf4
{[%clk 0:00:28]} 20. Bd7 {[%clk 0:00:42]} Ne2+ {[%clk 0:00:24]} 21. Kg2
{[%clk 0:00:37]} Nxc1 {[%clk 0:00:25]} 22. Qxc1 {[%clk 0:00:33]} Qxc1
{[%clk 0:00:19]} 23. Rxc1 Ne5 24. Be6+ {[%clk 0:00:32]} Kh8 {[%clk 0:00:22]} 25.
Rc7 {[%clk 0:00:30]} Nxf3 {[%clk 0:00:20]} 26. Rxb7 {[%clk 0:00:27]} Bd4
{[%clk 0:00:09]} 27. Rd7 {[%clk 0:00:18]} Bb6 {[%clk 0:00:07]} 28. Kg3
{[%clk 0:00:18]} h6 {[%clk 0:00:07]} 29. Bd5 {[%clk 0:00:12]} Ng5
{[%clk 0:00:08]} 30. Nxg5 {[%clk 0:00:08]} Bxf2+ {[%clk 0:00:08]} 31. Kg4
{[%clk 0:00:10]} hxg5 {[%clk 0:00:08]} 32. Kxg5 {[%clk 0:00:11]} Rf5+
{[%clk 0:00:09]} 33. Kxg6 {[%clk 0:00:11]} 1-0

[Event "Blondes - Brunettes"]
[Site "Moscow"]
[Date "2020.03.15"]
[Round "9.6"]
[White "Shuvalova, Polina"]
[Black "Girya, Olga"]
[Result "1-0"]
[BlackElo "2250"]
[WhiteElo "2319"]
[LiveChessVersion "1.4.8"]

1. e4 {[%clk 0:03:03]} c6 {[%clk 0:03:04]} 2. d4 {[%clk 0:03:04]} d5
{[%clk 0:03:05]} 3. exd5 {[%clk 0:03:05]} cxd5 {[%clk 0:03:06]} 4. Bd3
{[%clk 0:03:06]} Nf6 {[%clk 0:03:04]} 5. c3 {[%clk 0:03:05]} Bg4 {[%clk 0:02:56]}
6. Ne2 {[%clk 0:02:59]} Nc6 {[%clk 0:02:51]} 7. Bf4 {[%clk 0:02:56]} e6
{[%clk 0:02:49]} 8. Nd2 {[%clk 0:02:56]} Bd6 {[%clk 0:02:50]} 9. Bxd6
{[%clk 0:02:56]} Qxd6 {[%clk 0:02:51]} 10. h3 {[%clk 0:02:56]} Bh5
{[%clk 0:02:47]} 11. O-O {[%clk 0:02:51]} Bg6 {[%clk 0:02:42]} 12. Bxg6
{[%clk 0:02:44]} hxg6 {[%clk 0:02:43]} 13. f4 {[%clk 0:02:28]} Rb8
{[%clk 0:02:19]} 14. Nf3 {[%clk 0:02:27]} Ne4 {[%clk 0:02:18]} 15. a4
{[%clk 0:02:24]} f6 {[%clk 0:02:03]} 16. Qd3 {[%clk 0:02:18]} Rc8
{[%clk 0:01:45]} 17. a5 {[%clk 0:02:09]} a6 {[%clk 0:01:45]} 18. Nd2
{[%clk 0:01:28]} Nxd2 {[%clk 0:01:31]} 19. Qxd2 {[%clk 0:01:29]} Qc7
{[%clk 0:01:27]} 20. b4 {[%clk 0:00:54]} Ne7 {[%clk 0:01:28]} 21. Rf3
{[%clk 0:00:53]} Nf5 {[%clk 0:01:26]} 22. Re1 {[%clk 0:00:52]} Kf7
{[%clk 0:01:17]} 23. Nc1 {[%clk 0:00:52]} Nd6 {[%clk 0:01:16]} 24. Nb3
{[%clk 0:00:40]} Ne4 {[%clk 0:01:15]} 25. Qe2 {[%clk 0:00:39]} Qc4
{[%clk 0:01:12]} 26. Nc5 {[%clk 0:00:30]} Qxe2 {[%clk 0:00:36]} 27. Rxe2
{[%clk 0:00:31]} f5 {[%clk 0:00:15]} 28. Nxb7 {[%clk 0:00:09]} Rxc3
{[%clk 0:00:16]} 29. Rxc3 {[%clk 0:00:08]} Nxc3 {[%clk 0:00:17]} 30. Rc2
{[%clk 0:00:09]} Nb5 {[%clk 0:00:19]} 31. Rc6 {[%clk 0:00:07]} Rb8
{[%clk 0:00:13]} 32. Rb6 {[%clk 0:00:08]} Kf6 {[%clk 0:00:11]} 33. g4
{[%clk 0:00:05]} Nxd4 {[%clk 0:00:10]} 34. g5+ {[%clk 0:00:05]} Ke7
{[%clk 0:00:11]} 35. Kf2 {[%clk 0:00:03]} Nb5 {[%clk 0:00:10]} 36. Ke3
{[%clk 0:00:04]} Nc7 {[%clk 0:00:07]} 37. Kd4 {[%clk 0:00:04]} Na8
{[%clk 0:00:04]} 38. Rxa6 Rxb7 {[%clk 0:00:06]} 39. Rxa8 {[%clk 0:00:05]} Rxb4+
{[%clk 0:00:07]} 40. Kc5 {[%clk 0:00:06]} Rc4+ 41. Kb5 Rxf4 {[%clk 0:00:04]} 42.
a6 {[%clk 0:00:08]} Rf1 {[%clk 0:00:05]} 43. a7 {[%clk 0:00:08]} Rb1+
{[%clk 0:00:00]} 44. Kc6 1-0

[Event "Blondes - Brunettes"]
[Site "Moscow"]
[Date "2020.03.15"]
[Round "9.7"]
[White "Dordzhieva, Dinara"]
[Black "Kovalevskaya, Ekaterina"]
[Result "0-1"]
[BlackElo "2243"]
[WhiteElo "2273"]
[LiveChessVersion "1.4.8"]

1. Nf3 {[%clk 0:02:59]} Nf6 {[%clk 0:03:03]} 2. c4 {[%clk 0:02:59]} c5
{[%clk 0:03:04]} 3. g3 {[%clk 0:03:00]} Nc6 {[%clk 0:03:03]} 4. Nc3
{[%clk 0:03:01]} e5 {[%clk 0:03:04]} 5. Bg2 {[%clk 0:03:01]} Be7 {[%clk 0:03:04]}
6. a3 {[%clk 0:03:02]} a5 {[%clk 0:03:00]} 7. O-O {[%clk 0:03:02]} O-O
{[%clk 0:03:01]} 8. Ne1 {[%clk 0:03:03]} d6 {[%clk 0:02:58]} 9. Nc2
{[%clk 0:03:04]} Be6 {[%clk 0:02:59]} 10. Ne3 {[%clk 0:03:05]} Qd7
{[%clk 0:03:00]} 11. Ned5 {[%clk 0:03:01]} Bd8 {[%clk 0:03:00]} 12. d3
{[%clk 0:02:59]} Bh3 {[%clk 0:02:58]} 13. e3 {[%clk 0:02:38]} Bxg2
{[%clk 0:02:58]} 14. Kxg2 {[%clk 0:02:39]} Nxd5 {[%clk 0:02:53]} 15. Nxd5
{[%clk 0:02:40]} Ne7 {[%clk 0:02:53]} 16. Qf3 {[%clk 0:02:40]} Nxd5
{[%clk 0:02:49]} 17. Qxd5 {[%clk 0:02:41]} Qc6 {[%clk 0:02:46]} 18. Bd2
{[%clk 0:02:33]} Qxd5+ {[%clk 0:02:33]} 19. cxd5 {[%clk 0:02:35]} b5
{[%clk 0:02:05]} 20. b4 {[%clk 0:02:35]} cxb4 {[%clk 0:01:55]} 21. axb4
{[%clk 0:02:36]} a4 {[%clk 0:01:56]} 22. Rfc1 {[%clk 0:02:38]} Be7
{[%clk 0:01:52]} 23. Rc7 {[%clk 0:02:38]} Rfe8 {[%clk 0:01:53]} 24. Rac1
{[%clk 0:02:02]} Kf8 {[%clk 0:01:53]} 25. Rb7 {[%clk 0:01:53]} Reb8
{[%clk 0:01:49]} 26. Rcc7 {[%clk 0:01:48]} Rxb7 {[%clk 0:01:23]} 27. Rxb7
{[%clk 0:01:49]} a3 {[%clk 0:01:15]} 28. Bc3 {[%clk 0:01:50]} a2 {[%clk 0:00:45]}
29. Rxb5 {[%clk 0:01:49]} Bd8 {[%clk 0:00:43]} 30. Ba1 {[%clk 0:01:47]} Rc8
{[%clk 0:00:40]} 31. Rb7 {[%clk 0:01:26]} Rc1 {[%clk 0:00:40]} 32. Bb2
{[%clk 0:00:45]} Rb1 {[%clk 0:00:36]} 33. Bc3 {[%clk 0:00:47]} a1=Q
{[%clk 0:00:34]} 34. Bxa1 {[%clk 0:00:47]} Rxa1 {[%clk 0:00:35]} 35. b5
{[%clk 0:00:43]} Ke8 {[%clk 0:00:34]} 36. h4 {[%clk 0:00:42]} Rb1
{[%clk 0:00:34]} 37. Kf3 {[%clk 0:00:43]} Rc1 {[%clk 0:00:28]} 38. h5
{[%clk 0:00:41]} Rc7 {[%clk 0:00:25]} 39. Rb8 {[%clk 0:00:41]} Rc5
{[%clk 0:00:14]} 40. Ke4 {[%clk 0:00:34]} g6 {[%clk 0:00:15]} 41. hxg6
{[%clk 0:00:33]} hxg6 42. g4 f6 {[%clk 0:00:16]} 43. b6 {[%clk 0:00:20]} Rb5
{[%clk 0:00:16]} 44. b7 {[%clk 0:00:21]} Kd7 {[%clk 0:00:17]} 45. Kf3
{[%clk 0:00:20]} Rb4 {[%clk 0:00:13]} 46. Kg3 {[%clk 0:00:12]} f5
{[%clk 0:00:14]} 47. gxf5 {[%clk 0:00:11]} gxf5 {[%clk 0:00:15]} 48. e4
{[%clk 0:00:12]} f4+ {[%clk 0:00:14]} 49. Kg4 {[%clk 0:00:12]} Bc7
{[%clk 0:00:15]} 50. Rg8 {[%clk 0:00:10]} Rxb7 {[%clk 0:00:15]} 51. Rg7+
{[%clk 0:00:11]} Kc8 {[%clk 0:00:16]} 52. Kf5 {[%clk 0:00:12]} Rb2
{[%clk 0:00:16]} 53. f3 {[%clk 0:00:11]} Rf2 {[%clk 0:00:15]} 54. Rg8+
{[%clk 0:00:06]} Kb7 {[%clk 0:00:16]} 55. d4 {[%clk 0:00:06]} exd4
{[%clk 0:00:15]} 56. Kxf4 {[%clk 0:00:07]} Re2 {[%clk 0:00:10]} 57. Rg1
{[%clk 0:00:08]} d3 {[%clk 0:00:10]} 58. Rd1 {[%clk 0:00:08]} d2 {[%clk 0:00:10]}
59. Kg3 {[%clk 0:00:04]} Ba5 {[%clk 0:00:12]} 60. e5 {[%clk 0:00:05]} dxe5
{[%clk 0:00:12]} 61. d6 {[%clk 0:00:05]} Kc6 {[%clk 0:00:13]} 0-1

[Event "Blondes - Brunettes"]
[Site "Moscow"]
[Date "2020.03.15"]
[Round "9.8"]
[White "Guseva, Marina"]
[Black "Bivol, Alina"]
[Result "1/2-1/2"]
[BlackElo "2219"]
[WhiteElo "2259"]
[LiveChessVersion "1.4.8"]

1. d4 {[%clk 0:03:03]} Nf6 {[%clk 0:03:03]} 2. c4 {[%clk 0:03:04]} g6
{[%clk 0:03:04]} 3. Nf3 {[%clk 0:03:05]} Bg7 {[%clk 0:03:05]} 4. g3
{[%clk 0:03:05]} O-O {[%clk 0:03:05]} 5. Bg2 {[%clk 0:03:06]} d6 {[%clk 0:03:06]}
6. O-O {[%clk 0:03:07]} Nbd7 {[%clk 0:03:07]} 7. Nc3 {[%clk 0:03:07]} e5
{[%clk 0:03:08]} 8. e4 {[%clk 0:03:08]} exd4 {[%clk 0:03:09]} 9. Nxd4
{[%clk 0:03:09]} Re8 {[%clk 0:03:10]} 10. Re1 {[%clk 0:03:10]} Nc5
{[%clk 0:03:09]} 11. h3 {[%clk 0:02:28]} Bd7 {[%clk 0:02:46]} 12. Qc2
{[%clk 0:02:28]} a5 {[%clk 0:02:46]} 13. Be3 {[%clk 0:01:49]} h5 {[%clk 0:02:41]}
14. Rad1 {[%clk 0:01:49]} Qc8 {[%clk 0:02:41]} 15. Kh2 {[%clk 0:01:49]} c6
{[%clk 0:02:19]} 16. Bg5 {[%clk 0:01:44]} Nh7 {[%clk 0:01:53]} 17. Bf4
{[%clk 0:01:44]} Be5 {[%clk 0:01:54]} 18. Qd2 {[%clk 0:01:20]} Be6
{[%clk 0:01:22]} 19. b3 {[%clk 0:01:06]} a4 {[%clk 0:01:23]} 20. b4
{[%clk 0:00:33]} Nd7 {[%clk 0:01:22]} 21. Nxe6 {[%clk 0:00:32]} Rxe6
{[%clk 0:01:22]} 22. Bxe5 {[%clk 0:00:30]} Nxe5 {[%clk 0:01:17]} 23. Qe2
{[%clk 0:00:28]} Nf6 {[%clk 0:00:47]} 24. f4 {[%clk 0:00:28]} Ned7
{[%clk 0:00:48]} 25. Qf2 {[%clk 0:00:25]} Qc7 {[%clk 0:00:37]} 26. a3
{[%clk 0:00:23]} Rae8 {[%clk 0:00:36]} 27. Re2 {[%clk 0:00:20]} Nb6
{[%clk 0:00:23]} 28. Qd4 {[%clk 0:00:19]} c5 {[%clk 0:00:23]} 29. bxc5
{[%clk 0:00:19]} dxc5 {[%clk 0:00:24]} 30. Qd3 {[%clk 0:00:19]} h4
{[%clk 0:00:18]} 31. e5 {[%clk 0:00:17]} hxg3+ {[%clk 0:00:17]} 32. Qxg3
{[%clk 0:00:18]} Nh5 {[%clk 0:00:18]} 33. Qg4 {[%clk 0:00:17]} Nxc4
{[%clk 0:00:18]} 34. Bd5 {[%clk 0:00:17]} Nxe5 {[%clk 0:00:14]} 35. fxe5
{[%clk 0:00:17]} Rxe5 {[%clk 0:00:16]} 36. Rxe5 {[%clk 0:00:17]} Qxe5+
{[%clk 0:00:17]} 37. Kh1 {[%clk 0:00:16]} Qxc3 {[%clk 0:00:18]} 38. Qxg6+
{[%clk 0:00:17]} Ng7 {[%clk 0:00:17]} 39. Bxf7+ {[%clk 0:00:16]} Kf8
{[%clk 0:00:19]} 40. Bxe8 {[%clk 0:00:16]} Qf3+ {[%clk 0:00:20]} 41. Kh2
{[%clk 0:00:16]} Qe2+ {[%clk 0:00:14]} 42. Kh1 {[%clk 0:00:16]} Qf3+
{[%clk 0:00:14]} 43. Kh2 {[%clk 0:00:17]} Qe2+ {[%clk 0:00:16]} 44. Kg3
{[%clk 0:00:17]} Qe3+ {[%clk 0:00:15]} 45. Kg2 {[%clk 0:00:18]} Qe2+
{[%clk 0:00:17]} 46. Kg3 1/2-1/2

[Event "Blondes - Brunettes"]
[Site "Moscow"]
[Date "2020.03.15"]
[Round "9.9"]
[White "Mirzoeva, Elmira"]
[Black "Badelka, Olga"]
[Result "0-1"]
[BlackElo "2153"]
[WhiteElo "2135"]
[LiveChessVersion "1.4.8"]

1. d4 {[%clk 0:03:03]} d5 {[%clk 0:03:03]} 2. c4 {[%clk 0:03:04]} dxc4
{[%clk 0:03:05]} 3. e3 {[%clk 0:03:02]} Nf6 {[%clk 0:03:05]} 4. Bxc4
{[%clk 0:03:01]} e6 {[%clk 0:03:06]} 5. Nf3 {[%clk 0:03:01]} a6 {[%clk 0:03:07]}
6. O-O {[%clk 0:02:56]} b5 {[%clk 0:03:08]} 7. Bd3 {[%clk 0:02:53]} Bb7
{[%clk 0:03:09]} 8. a4 {[%clk 0:02:50]} b4 {[%clk 0:03:09]} 9. Nbd2
{[%clk 0:02:49]} c5 {[%clk 0:03:08]} 10. Nb3 {[%clk 0:02:23]} Nbd7
{[%clk 0:03:06]} 11. Qe2 {[%clk 0:02:20]} cxd4 {[%clk 0:02:59]} 12. Nfxd4
{[%clk 0:02:12]} Bd6 {[%clk 0:02:53]} 13. e4 {[%clk 0:02:08]} O-O
{[%clk 0:02:37]} 14. f4 {[%clk 0:02:06]} e5 {[%clk 0:02:11]} 15. Nf5
{[%clk 0:02:03]} Bb8 {[%clk 0:02:10]} 16. Kh1 {[%clk 0:01:33]} g6
{[%clk 0:02:08]} 17. Nh6+ {[%clk 0:01:31]} Kg7 {[%clk 0:02:08]} 18. f5
{[%clk 0:01:31]} Nh5 {[%clk 0:01:32]} 19. fxg6 {[%clk 0:00:46]} fxg6
{[%clk 0:01:18]} 20. Be3 {[%clk 0:00:34]} Nf4 {[%clk 0:01:16]} 21. Bxf4
{[%clk 0:00:32]} exf4 {[%clk 0:01:17]} 22. Ng4 {[%clk 0:00:31]} h5
{[%clk 0:00:57]} 23. Nd4 {[%clk 0:00:28]} Qe7 {[%clk 0:00:48]} 24. Nf2
{[%clk 0:00:27]} Ba7 {[%clk 0:00:30]} 25. Nf3 {[%clk 0:00:20]} Nc5
{[%clk 0:00:26]} 26. Bc4 {[%clk 0:00:15]} Nxe4 {[%clk 0:00:21]} 27. Nxe4
{[%clk 0:00:14]} Qxe4 {[%clk 0:00:22]} 28. Qxe4 {[%clk 0:00:15]} Bxe4
{[%clk 0:00:23]} 29. Ng5 {[%clk 0:00:17]} Bf5 {[%clk 0:00:22]} 30. Rxf4
{[%clk 0:00:18]} Rac8 {[%clk 0:00:06]} 31. b3 {[%clk 0:00:18]} Be3
{[%clk 0:00:07]} 32. Ne6+ {[%clk 0:00:12]} Bxe6 {[%clk 0:00:07]} 33. Rxf8
{[%clk 0:00:13]} Rxc4 {[%clk 0:00:06]} 34. bxc4 {[%clk 0:00:10]} Kxf8
{[%clk 0:00:07]} 35. Re1 {[%clk 0:00:12]} b3 {[%clk 0:00:04]} 36. Rxe3 Bxc4 37.
Re1 {[%clk 0:00:07]} Bd3 {[%clk 0:00:07]} 38. Re6 {[%clk 0:00:03]} b2
{[%clk 0:00:08]} 39. Rb6 {[%clk 0:00:04]} b1=Q+ {[%clk 0:00:09]} 40. Rxb1
{[%clk 0:00:05]} Bxb1 {[%clk 0:00:10]} 0-1

[Event "Blondes - Brunettes"]
[Site "Moscow"]
[Date "2020.03.15"]
[Round "9.10"]
[White "Kosteniuk, Oksana"]
[Black "Obolentseva, Alexandra"]
[Result "0-1"]
[BlackElo "2113"]
[WhiteElo "1927"]
[LiveChessVersion "1.4.8"]

1. Nf3 {[%clk 0:03:02]} Nf6 {[%clk 0:03:03]} 2. g3 {[%clk 0:03:03]} g6
{[%clk 0:03:04]} 3. Bg2 {[%clk 0:03:04]} Bg7 {[%clk 0:03:05]} 4. O-O
{[%clk 0:03:05]} c5 {[%clk 0:03:06]} 5. c4 {[%clk 0:03:01]} O-O {[%clk 0:03:05]}
6. d3 {[%clk 0:02:56]} d6 {[%clk 0:03:02]} 7. Nc3 {[%clk 0:02:54]} Nc6
{[%clk 0:03:03]} 8. Bg5 {[%clk 0:02:43]} Bd7 {[%clk 0:03:00]} 9. a3
{[%clk 0:02:41]} Rb8 {[%clk 0:02:56]} 10. Qc2 {[%clk 0:02:38]} a6
{[%clk 0:02:55]} 11. Rab1 {[%clk 0:02:16]} Nd4 {[%clk 0:02:34]} 12. Nxd4
{[%clk 0:02:03]} cxd4 {[%clk 0:02:34]} 13. Nd5 {[%clk 0:02:01]} Nxd5
{[%clk 0:02:23]} 14. Bxd5 {[%clk 0:02:00]} h6 {[%clk 0:02:17]} 15. Bd2
{[%clk 0:02:00]} b5 {[%clk 0:02:09]} 16. b4 {[%clk 0:01:53]} e6 {[%clk 0:01:35]}
17. Bg2 {[%clk 0:01:51]} bxc4 {[%clk 0:01:35]} 18. Qxc4 {[%clk 0:01:46]} Qb6
{[%clk 0:01:34]} 19. Rbc1 {[%clk 0:01:38]} Rfc8 {[%clk 0:01:26]} 20. Qa2
{[%clk 0:01:32]} Ba4 {[%clk 0:01:22]} 21. Rc4 {[%clk 0:01:22]} d5
{[%clk 0:01:06]} 22. Rcc1 {[%clk 0:01:02]} Qb7 {[%clk 0:01:02]} 23. Bf4
{[%clk 0:00:52]} Rxc1 {[%clk 0:01:01]} 24. Rxc1 {[%clk 0:00:49]} Rc8
{[%clk 0:01:02]} 25. Qb1 {[%clk 0:00:41]} Rc3 {[%clk 0:00:55]} 26. Qa1
{[%clk 0:00:26]} Qc6 {[%clk 0:00:54]} 27. Bf3 {[%clk 0:00:19]} f5
{[%clk 0:00:38]} 28. Bd2 {[%clk 0:00:15]} Rxc1+ {[%clk 0:00:38]} 29. Qxc1
{[%clk 0:00:16]} Qxc1+ {[%clk 0:00:38]} 30. Bxc1 {[%clk 0:00:17]} Bc6
{[%clk 0:00:36]} 31. Kf1 {[%clk 0:00:11]} e5 {[%clk 0:00:37]} 32. Ke1
{[%clk 0:00:11]} e4 {[%clk 0:00:38]} 33. Bg2 {[%clk 0:00:12]} Bb5
{[%clk 0:00:38]} 34. Kd2 {[%clk 0:00:12]} h5 {[%clk 0:00:38]} 35. Kc2
{[%clk 0:00:12]} Ba4+ {[%clk 0:00:39]} 36. Kb2 {[%clk 0:00:10]} Kf7
{[%clk 0:00:39]} 37. h4 {[%clk 0:00:11]} Ke6 {[%clk 0:00:40]} 38. Bd2
{[%clk 0:00:09]} Bc6 {[%clk 0:00:31]} 39. Kb3 {[%clk 0:00:08]} Bb5
{[%clk 0:00:24]} 40. Bf1 {[%clk 0:00:08]} Bd7 {[%clk 0:00:20]} 41. a4
{[%clk 0:00:08]} Be5 {[%clk 0:00:19]} 42. Bg2 {[%clk 0:00:00]} e3
{[%clk 0:00:19]} 43. fxe3 {[%clk 0:00:00]} dxe3 {[%clk 0:00:19]} 44. Bxe3
{[%clk 0:00:00]} Bxg3 {[%clk 0:00:19]} 45. Bg5 {[%clk 0:00:00]} Kd6
{[%clk 0:00:19]} 46. Kc3 {[%clk 0:00:00]} Be1+ {[%clk 0:00:19]} 47. Kd4
{[%clk 0:00:00]} Bxb4 {[%clk 0:00:19]} 48. Bxd5 {[%clk 0:00:00]} Bxa4
{[%clk 0:00:19]} 49. Bc4 {[%clk 0:00:00]} Bc5+ {[%clk 0:00:19]} 50. Kc3
{[%clk 0:00:00]} Bb5 {[%clk 0:00:19]} 51. Bxb5 0-1

[Event "Blondes - Brunettes"]
[Site "Moscow"]
[Date "2020.03.15"]
[Round "10.1"]
[White "Larina, Maria"]
[Black "Kosteniuk, Alexandra"]
[Result "0-1"]
[BlackElo "2521"]
[WhiteElo "1776"]
[LiveChessVersion "1.4.8"]

1. e4 {[%clk 0:03:03]} c5 {[%clk 0:03:04]} 2. Nc3 {[%clk 0:03:04]} Nc6
{[%clk 0:03:04]} 3. g3 {[%clk 0:03:01]} e6 {[%clk 0:03:05]} 4. Bg2
{[%clk 0:03:01]} Nf6 {[%clk 0:03:05]} 5. Nge2 {[%clk 0:02:58]} d5
{[%clk 0:03:06]} 6. exd5 {[%clk 0:02:38]} exd5 {[%clk 0:03:06]} 7. d4
{[%clk 0:02:28]} cxd4 {[%clk 0:02:54]} 8. Nxd4 {[%clk 0:02:24]} Be7
{[%clk 0:02:21]} 9. O-O {[%clk 0:02:22]} O-O {[%clk 0:02:22]} 10. h3
{[%clk 0:02:02]} h6 {[%clk 0:02:11]} 11. Be3 {[%clk 0:01:58]} Ne5
{[%clk 0:02:10]} 12. b3 {[%clk 0:01:22]} a6 {[%clk 0:02:08]} 13. Nf3
{[%clk 0:01:15]} Nc6 {[%clk 0:01:59]} 14. Ne2 {[%clk 0:01:11]} Bf5
{[%clk 0:01:58]} 15. Ned4 {[%clk 0:01:09]} Bh7 {[%clk 0:01:58]} 16. Nxc6
{[%clk 0:00:47]} bxc6 {[%clk 0:01:59]} 17. Nd4 {[%clk 0:00:42]} Rc8
{[%clk 0:01:59]} 18. Rc1 {[%clk 0:00:32]} Ba3 {[%clk 0:01:56]} 19. Ra1
{[%clk 0:00:26]} c5 {[%clk 0:01:57]} 20. Nf3 {[%clk 0:00:18]} Ne4
{[%clk 0:01:52]} 21. Nd2 {[%clk 0:00:07]} Nc3 {[%clk 0:01:41]} 22. Qh5
{[%clk 0:00:07]} Qd6 {[%clk 0:01:15]} 23. Nf3 {[%clk 0:00:04]} Bg6
{[%clk 0:01:11]} 24. Qg4 {[%clk 0:00:03]} Qe6 {[%clk 0:01:01]} 25. Qf4
{[%clk 0:00:00]} Ne2+ {[%clk 0:01:01]} 0-1

[Event "Blondes - Brunettes"]
[Site "Moscow"]
[Date "2020.03.15"]
[Round "10.2"]
[White "Zhukova, Natalia"]
[Black "Goryachkina, Aleksandra"]
[Result "0-1"]
[BlackElo "2441"]
[WhiteElo "2423"]
[LiveChessVersion "1.4.8"]

1. c4 {[%clk 0:03:02]} c6 {[%clk 0:03:03]} 2. d4 {[%clk 0:03:03]} d5
{[%clk 0:03:03]} 3. Nf3 {[%clk 0:03:04]} Nf6 {[%clk 0:03:04]} 4. Nc3
{[%clk 0:03:04]} e6 {[%clk 0:03:04]} 5. Bg5 {[%clk 0:03:05]} Nbd7
{[%clk 0:03:05]} 6. e3 {[%clk 0:03:06]} Qa5 {[%clk 0:03:00]} 7. Nd2
{[%clk 0:03:02]} Bb4 {[%clk 0:02:59]} 8. Qc2 {[%clk 0:03:00]} O-O
{[%clk 0:02:53]} 9. Bf4 {[%clk 0:02:56]} Re8 {[%clk 0:02:28]} 10. Be2
{[%clk 0:02:53]} e5 {[%clk 0:02:25]} 11. dxe5 {[%clk 0:02:51]} Nxe5
{[%clk 0:02:26]} 12. O-O {[%clk 0:02:45]} Nxc4 {[%clk 0:02:16]} 13. Nxc4
{[%clk 0:02:39]} dxc4 {[%clk 0:02:17]} 14. Bxc4 {[%clk 0:02:40]} Be6
{[%clk 0:02:13]} 15. Bxe6 {[%clk 0:02:29]} Rxe6 {[%clk 0:02:14]} 16. Rfd1
{[%clk 0:02:17]} Bxc3 {[%clk 0:02:10]} 17. bxc3 {[%clk 0:01:24]} Nd5
{[%clk 0:02:11]} 18. c4 {[%clk 0:01:25]} Nxf4 {[%clk 0:02:11]} 19. exf4
{[%clk 0:01:26]} Rae8 {[%clk 0:02:11]} 20. g3 {[%clk 0:01:24]} Re2
{[%clk 0:01:44]} 21. Qb3 {[%clk 0:01:13]} Qc5 {[%clk 0:01:43]} 22. Qf3
{[%clk 0:01:08]} Qxc4 {[%clk 0:01:33]} 23. Rd7 {[%clk 0:01:09]} Re1+
{[%clk 0:01:29]} 0-1